Normal view
MARC view
Entry Personal Name
001 - CONTROL NUMBER
- control field: 18491
003 - CONTROL NUMBER IDENTIFIER
- control field: BD-RjUL
005 - DATE AND TIME OF LATEST TRANSACTION
- control field: 20260514125918.0
008 - FIXED-LENGTH DATA ELEMENTS
- fixed length control field: 260514|| aca||aabn | a|a d
040 ## - CATALOGING SOURCE
- Original cataloging agency: BD-RjUL
- Transcribing agency: BD-RjUL
100 ## - HEADING--PERSONAL NAME
- Personal name: عسکری ،حمید ;; Askari, Hamid
670 ## - SOURCE DATA FOUND
- Source citation: Work cat.: (BD-RjUL)86482: عسکری ،حمید ;; Askari, Hamid, مادے کے خواص ;; made ke khwas /